Existentialism and religious belief / (Record no. 76)
[ view plain ]
| 000 -LEADER | |
|---|---|
| fixed length control field | 00935nam a2200301 4500 |
| 001 - CONTROL NUMBER | |
| control field | 76 |
| 003 - CONTROL NUMBER IDENTIFIER | |
| rucl marc code | BD-RjUL |
| 005 - DATE AND TIME OF LATEST TRANSACTION | |
| control field | 20211208233116.0 |
| 008 - FIXED-LENGTH DATA ELEMENTS--GENERAL INFORMATION | |
| fixed length control field | 131116r19631959us 001 0 eng d |
| 035 ## - SYSTEM CONTROL NUMBER | |
| System control number | (BD-RjUL)84 |
| 040 ## - CATALOGING SOURCE | |
| Original cataloging agency | DLC |
| Transcribing agency | FUG |
| Modifying agency | OCL |
| -- | BD-RjUL |
| Language of cataloging | eng |
| 041 ## - LANGUAGE CODE | |
| Language code of text/sound track or separate title | eng |
| 082 ## - DEWEY DECIMAL CLASSIFICATION NUMBER | |
| Classification number | 111.1 |
| Edition number | 16 |
| Author mark and year | ROE 1963 |
| 100 1# - MAIN ENTRY--PERSONAL NAME | |
| Personal name | Roberts, David Everett, |
| Dates associated with a name | 1911-1955. |
| 9 (RLIN) | 265 |
| 245 10 - TITLE STATEMENT | |
| Title | Existentialism and religious belief / |
| Statement of responsibility, etc. | David E. Roberts ; Roger Hazelton, editor. |
| 250 ## - EDITION STATEMENT | |
| Edition statement | Galaxy Book ed. |
| 260 ## - PUBLICATION, DISTRIBUTION, ETC. (IMPRINT) | |
| Place of publication, distribution, etc. | New York : |
| Name of publisher, distributor, etc. | Oxford University Press, |
| Date of publication, distribution, etc. | c1959 [Printing 1960]. |
| 300 ## - PHYSICAL DESCRIPTION | |
| Pagination | v, 344 p ; |
| Size | 21 cm |
| 500 ## - GENERAL NOTE | |
| General note | " A Galaxy Book" |
| 504 ## - BIBLIOGRAPHY, ETC. NOTE | |
| Bibliography, etc | Includes bibliography. |
| Bibliography, etc | Includes index. |
| 526 ## - STUDY PROGRAM INFORMATION NOTE | |
| Program name | philosophy |
| Requested Dept. | philosophy |
| 650 #7 - SUBJECT ADDED ENTRY--TOPICAL TERM | |
| Topical term or geographic name as entry element | Existentialism. |
| General subdivision | Philosophy |
| Source of heading or term | SLSH |
| 9 (RLIN) | 266 |
| Topical term or geographic name as entry element | Christianity |
| Form subdivision | Philosophy. |
| 9 (RLIN) | 184782 |
| 700 1# - ADDED ENTRY--PERSONAL NAME | |
| Personal name | Hazelton, Roger, ed. |
| 942 ## - ADDED ENTRY ELEMENTS (KOHA) | |
| Source of classification or shelving scheme | Dewey Decimal Classification |
| Koha item type | Books |
| Lost status | Source of classification or shelving scheme | Damaged status | Not for loan | Collection code | Permanent Location | Current Location | Shelving location | Date acquired | Source of acquisition | Cost, normal purchase price | Total Checkouts | Full call number | Date last seen | Copy number | Koha item type |
|---|---|---|---|---|---|---|---|---|---|---|---|---|---|---|---|
| Dewey Decimal Classification | Non-fiction | Central Library, University of Rajshahi | Central Library, University of Rajshahi | 25/01/1965 | Zeithinger | 12.00 | 111.1 ROE 1963 | 07/11/2013 | C-6 | Books | |||||
| Dewey Decimal Classification | Non-fiction | Central Library, University of Rajshahi | Central Library, University of Rajshahi | 25/01/1963 | Zeithinger | 12.60 | 111.1 ROE 1963 | 07/11/2013 | C-7 | Books | |||||
| Dewey Decimal Classification | Non-fiction | Central Library, University of Rajshahi | Central Library, University of Rajshahi | 25/01/1965 | Zeithinger | 12.60 | 111.1 ROE 1957 | 07/11/2013 | C-8 | Books | |||||
| Dewey Decimal Classification | Not For Loan | Non-fiction | Central Library, University of Rajshahi | Central Library, University of Rajshahi | 04/05/1964 | Zeitlinger | 12.60 | 111.1 ROE 1960 | 25/11/2013 | C-1 | Books | ||||
| Dewey Decimal Classification | Non-fiction | Central Library, University of Rajshahi | Central Library, University of Rajshahi | 04/05/1964 | Zeitlinger | 12.60 | 111.1 ROE 1960 | 25/11/2013 | C-3 | Books | |||||
| Dewey Decimal Classification | Non-fiction | Central Library, University of Rajshahi | Central Library, University of Rajshahi | 04/05/1964 | Zeitlinger. | 12.60 | 111.1 ROE 1960 | 30/03/2014 | C-5 | Books | |||||
| Dewey Decimal Classification | Non-fiction | Central Library, University of Rajshahi | Central Library, University of Rajshahi | 27/12/1968 | Zeitlinger | 19.00 | 111.1 ROE 1963 | 31/03/2014 | C-10 | Books | |||||
| Dewey Decimal Classification | Non-fiction | Central Library, University of Rajshahi | Central Library, University of Rajshahi | 09/01/1969 | zeithinger | 111.1 ROE 1966 | 01/04/2014 | C-2 | Books | ||||||
| Dewey Decimal Classification | Non-fiction | Central Library, University of Rajshahi | Central Library, University of Rajshahi | 27/12/1968 | zeithinger | 111.1 ROE 1963 | 01/04/2014 | C-4 | Books | ||||||
| Dewey Decimal Classification | Non-fiction | Central Library, University of Rajshahi | Central Library, University of Rajshahi | 27/12/1966 | Zeitlinger | 191.00 | 111.1 ROE 1963 | 22/10/2014 | C-9 | Books |